000 00582nam a22002171i 4500
001 3925
090 _a3925
100 _a20170304u u u0frey50 ba
101 0 _apor
200 1 _fKonrad Lorenz
_aA agressão
_euma história natural do mal
210 _cMoraes
_aLisboa
_d1979
215 _a303 p.
_d23 cm
225 2 _aManuais universitários
_v12
606 _92890
_aPsicologia do comportamento
606 _92891
_aAgressão
675 _a159.9
_9104
700 1 _aLorenz
_bKonrad
_4070
701 1 _aTamen
_bMaria Isabel
_4730
_f1963-
801 _aPT
_gRPC
990 _cLIVROS
994 _aCOMP